| 000 | 00520nam a22001937a 4500 | ||
|---|---|---|---|
| 005 | 20240828143906.0 | ||
| 010 | _aENG-141496 | ||
| 020 |
_c299.00 _a9789362547859 |
||
| 035 | _aEN-125028 | ||
| 037 | _bDBAD | ||
| 082 | _aN | ||
| 100 |
_aVerma,Prabha _970681 |
||
| 245 |
_aFerocious Piety / _cby Prabha Verma |
||
| 260 |
_aKerala _bCB Folio _c2024 |
||
| 270 |
_bKerala _aDC Kizhakemuri Edam Good Shepherd Street Kerala, India _e686001 |
||
| 300 |
_a151 p. _c22 cm(pb) |
||
| 700 | _970620 | ||
| 942 |
_2ddc _cEN _hN _mVER |
||
| 999 |
_c205360 _d205360 |
||